00611nam a22001697a 450000500170000001000150001702000260003203500140005803700090007208200130008110000250009424501320011926000650025127000730031630000270038970000250041620250424113452.0 aENG-144723 a9788196999896c250.00 aEN-128255 bDBAD a649.121 aMukhopadhyay, Marmar aScientific parenting:bHandbook for parents of the pre-schoolers/cMarmar Mukhopadhyay, Subhash Chander And Sweta Rathore Singh aHaryanabEducational Technology and Management Academyc2024 aT-6/1701, Valley View Estate, Gwal paharibGurugram, Haryanae122003 aix,175 p.c22 cm.(Pbk) amarmar, Mukhopadhyay